1434 1848 1263 1598 1119 1909 1403 1955 1504 1337 1031 1585 1882 1986 1513 1341 1788 1071 1557 1178 1762 1237 1827 1404 1417 1692 1534 1603 1455 1602 1600 1914 1130 1439 1656 1364 1705 1583 1794 1863 1729 1659 1830 1679 1850 1252 1223 1837 1151 1041 1894 1224 1007 1129 1796 1010 1546 1787 1931 1661 1746 1230 1078 1322 1343 1036 1770 1835 1068 1578 1957 1388 1258 1879 1641 1970 1453 1355 1266 1762 1041 1846 1059 1589 1644 1993 1756 1102 1556 1202 1522 1583 1371 1506 1615 1246 1066 1468 1771 BCNSPRNW ULIB Ver.6.0+V

เปลี่ยนเป็นภาษาไทย

Change to English
 แสดงรายละเอียดบรรณานุกรม
  กลับหน้าหลัก

Brief Record : Get Marc (ISO 2709) : E-mail record : QR code < ปิดหน้าต่าง
LEADER : 00000nam 2200000uu 4500
001    13399113999
003     ULIB
008    120125s2552||||th 000 0 tha d
020    ^a9786117097027
090    ^aนว.^bล125ป 2552
100 0  ^aลมหายใจเทพยดา
245 00 ^aThe X mas Bless ปิ๊งรักสุดเฮ้ว กับ หนุ่มเอลฟ์สุดซ่า/^cลมหายใจเทพยดา
250    ^aพิมพ์ครั้งที่ 1
260    ^aกรุงเทพฯ :^bSimply Book Chill Out,^c2552
300    ^a192 หน้า
710 1  ^aSimply Book Chill Out
945    ^p155^l0^i15827
995    ^aกัณชพร
999    ^aใช้งานได้ทุกระบบ
รายการนี้ยังไม่มีแท็ก
คุณยังไม่ได้ล็อกอิน คุณสามารถมีกิจกรรมร่วมกับเว็บไซต์ได้ แต่ต้องล็อกอินก่อน ::
  ล็อกอิน

รายการสื่อสารสนเทศ

ลำดับที่ ประเภท เลขเรียก/บาร์โค้ด สถานที่ สถานะ
1. นวนิยาย
นวนิยาย
นว. ล125ป 2552  
  Barcode: 15827
ห้องสมุดวิทยาเขตสวรรค์ประชารักษ์
►นวนิยาย
บนชั้น
  ขอยืม

BibComment


ยังไม่เคยถูกคอมเมนท์

คอมเมนท์ทรัพยากรรายการนี้
  คอมเมนท์: The X mas Bless ..


 Copyright 2026. Bcnsprnw @Library